000 00209 a2200097 4500
001 46713
100 _aTurner J
245 _aFamous air battles
260 _aLondon
_bArthur barker
_c
090 _c29809
_d29809
942 _aNUST-CAE
_cM
_c22012
999 _c281786
_d281786